| 000 | 00727cab a2200205 4500 | ||
|---|---|---|---|
| 001 | WB2241-34 | ||
| 008 | 090401t1986 xxu||||| |||| 00| 0 eng d | ||
| 035 | _a(Sirsi) u1895 | ||
| 041 | _aeng | ||
| 245 | _aEstate agents` cartel banned | ||
| 260 | _c1986 | ||
| 350 | _a0 | ||
| 490 |
_aFinancial Times _v14/10/86 p11 |
||
| 520 | _aA price-fixing cartel of Essex estate agents , called the Southend-on-Sea and District Association of Professional Estate Agents has been banned by the OFT and will be taken to the Restrictive Trade Practices Court. Brief details. | ||
| 650 | _aOFT | ||
| 650 | _aRESTRICTIVE PRACTICES | ||
| 690 | _aMANAGEMENT-BUSINESS MANAGEMENT-PROFESSIONAL PRACTICE | ||
| 942 | _n0 | ||
| 948 | _c04/03/1997 | ||
| 999 |
_c1107 _d1107 |
||